Statistiques concernant Départements français en rébus #2

Cliquez ici pour prendre le quiz!

Statistiques générales

  • Ce quiz a été pris 9 288 fois
  • Le résultat moyen est 6 sur 10

Réponses sur la Carte

Les réponses sont colorées sur une échelle allant du rouge au vert en fonction du pourcentage des utilisateurs qui les ont devinées à leur premier essai. Vous pouvez retrouver ces pourcentages ci-dessous.
Chargement ...
 

Statistiques - réponses

RébusDépartement% Correct
5Eure-Et-Loir
86%
10Essonne
84%
4Mayenne
76%
9Vosges
69%
8Puy-de-Dôme
68%
1Gers
56%
2Aveyron
50%
3Ardennes
47%
7Mayotte
42%
6Martinique
31%

Distribution des résultats

Percentile par nombre de réponses

% des personnes avec chaque résultat

Votre développement - résultats

Vous n’avez pas pris ce quiz